| 000 | 00839nam a2200229Ia 4500 | ||
|---|---|---|---|
| 005 | 20250108124753.0 | ||
| 008 | 008 250107s9999 xx 000 0 hin d | ||
| 020 | _a978-93-5029-128-3 | ||
| 037 | _aTB | ||
| 040 |
_aCRL _bhin _cCRL |
||
| 041 |
_ahin _2hin |
||
| 084 | _aR635 P8 | ||
| 084 | _qCRL | ||
| 100 |
_aचौहान, नीलिमा, जाकिर हुसैन कॉलेज, ले. _9729778 |
||
| 245 | 0 |
_aऑफिशियली पतनशील _cचौहान, नीलिमा, जाकिर हुसैन कॉलेज, ले. |
|
| 260 |
_aनई दिल्ली, भारत _bवाणी प्रकाशन _c2121 |
||
| 300 | _a187पृ0 | ||
| 365 |
_aINR _b0 |
||
| 650 | _aदर्शनशास्त्र | ||
| 942 |
_cTB _hR635 P8 |
||
| 999 |
_c1234509 _d1234509 |
||